Most Populous 'A' Cities by Continent Quiz Stats

 Plays Quiz Updated May 8, 2019

Score 0/6 Timer 02:00
48 Plays Today
% Correct
Athens
90.3%
Austin
89.1%
Auckland
78.4%
Alexandria
70.7%
Arequipa
25.6%
Ahmedabad
22.5%

You're not logged in!

Compare scores with friends on all Sporcle quizzes.
OR
Log In

Sporcle TV

Today on Sporcle TV


Watch our educational content, quiz creation guides, and fun videos on Sporcle TV.

Show Comments

Extras

Top Quizzes Today


Score Distribution

Your Account Isn't Verified!

In order to create a playlist on Sporcle, you need to verify the email address you used during registration. Go to your Sporcle Settings to finish the process.

Report this User

Report this user for behavior that violates our Community Guidelines.

Details: